LEADER 03246nam 2200673Ia 450 001 9910785967203321 005 20221214222750.0 010 $a1-4529-4899-2 010 $a0-8166-8180-5 035 $a(CKB)2670000000269582 035 $a(EBL)1047466 035 $a(OCoLC)818115431 035 $a(SSID)ssj0000755134 035 $a(PQKBManifestationID)11496240 035 $a(PQKBTitleCode)TC0000755134 035 $a(PQKBWorkID)10729969 035 $a(PQKB)11468827 035 $a(StDuBDS)EDZ0001177708 035 $a(OCoLC)815383334 035 $a(MdBmJHUP)muse29992 035 $a(Au-PeEL)EBL1047466 035 $a(CaPaEBR)ebr10613543 035 $a(CaONFJC)MIL525650 035 $a(MiAaPQ)EBC1047466 035 $a(EXLCZ)992670000000269582 100 $a20120503e20121981 uy 0 101 0 $aeng 135 $aur|n|---||||| 181 $ctxt$2rdacontent 182 $cc$2rdamedia 183 $acr$2rdacarrier 200 10$aBeginning to see the light $esex, hope, and rock-and-roll /$fEllen Willis 205 $a[Second edition]. 210 $aMinneapolis $cUniversity of Minnesota Press$d2012 215 $a1 online resource (361 pages) 300 $aOriginally published: New York : Knopf, 1981. 311 0 $a0-8166-8078-7 327 $aCover; Contents; Acknowledgments; Introduction; Introduction to the Second Edition; I: OUT OF THE VINYL DEEPS; Dylan; You Can't Go Down Home Again; The Who Sell; Elvis in Las Vegas; Cultural Revolution Saved from Drowning; See America First: Easy Rider and Alice's Restaurant; Jani's Joplin; Hard to Swallow: Deep Throat; It's Later Than You Think; Tom Wolfe's Failed Optimism; Beginning to See the Light; How's the Family?; Jackie, We Hardly Knew You; Classical and Baroque Sex in Everyday Life; Velvet Underground; II: AMERICAN GIRLS WANT EVERYTHING; Learning from Chicago 327 $aHerbert Marcuse, 1898-1979Glossary for the Eighties; The Family: Love It or Leave It; Postscript: The Backlash According to Irving; Toward a National Man Policy; The Trial of Arline Hunt; Abortion: Is a Woman a Person?; Abortion: Overruling the Neo-Fascists; Feminism, Moralism, and Pornography; The Myth of the Powerful Jew; My Podhoretz Problem-and His; III: NEXT YEAR IN JERUSALEM; Next Year in Jerusalem 330 $aFrom the New Yorker's inimitable first pop music critic comes this pioneering collection of essays by a conscientious writer whose political realm is both radical and rational, and whose prime preoccupations are with rock 'n' roll, sexuality, and above all, freedom. Here Ellen Willis assuredly captures the thrill of music, the disdain of authoritarian culture, and the rebellious spirit of the '60s and '70s. 606 $aAmerican essays$y20th century 606 $aFeminism 606 $aSubculture 606 $aRadicalism 606 $aRock music 615 0$aAmerican essays 615 0$aFeminism. 615 0$aSubculture. 615 0$aRadicalism. 615 0$aRock music. 676 $a081 700 $aWillis$b Ellen$01561163 801 0$bMiAaPQ 801 1$bMiAaPQ 801 2$bMiAaPQ 906 $aBOOK 912 $a9910785967203321 996 $aBeginning to see the light$93827664 997 $aUNINA LEADER 01809nas 2200457 n 450 001 990008989320403321 005 20240229084256.0 011 $a0167-6296 035 $a000898932 035 $aFED01000898932 035 $a(Aleph)000898932FED01 035 $a000898932 091 $2CNR$aP 00120157 100 $a20161109a19829999km-y0itaa50------ba 101 0 $aeng 102 $aNL 110 $aauu-------- 200 1 $aJournal of health economics 207 1$a1982- 210 $aAmsterdam$cNorth-Holland 326 $aBimestrale 452 0$12001$aJournal of health economics 530 0 $aJournal of health economics 675 $a33 675 $a351.84 675 $a36 675 $a614 676 $a330 676 $a338.4761 676 $a362.10681 676 $a614 801 0$aIT$bACNP$c20090723 859 4 $uhttp://acnp.cib.unibo.it/cgi-ser/start/it/cnr/dc-p1.tcl?catno=67038&person=false&language=ITALIANO&libr=&libr_th=unina1$zBiblioteche che possiedono il periodico 901 $aSE 912 $a990008989320403321 958 $aBiblioteca della Facoltà di Economia Complesso Universitario Monte S. Angelo- Università degli Studi di Napoli "Federico II"$b1982-2005;2007;$c1996;2002;$eEC.V-C-1/EC.VII-D-4 Dep.$fDECBC 959 $aDECBC 996 $aJournal of health economics$9793924 997 $aUNINA AP1 8 $6866-01$aNA042 Biblioteca della Facoltà di Economia Complesso Universitario Monte S. Angelo- Università degli Studi di Napoli "Federico II"$bEC.V-C-1/EC.VII-D-4 Dep.$evia Cinthia,26, 80126 Napoli (NA)$m081676647-0816782$m081676684$nit AP2 40$aacnp.cib.unibo.it$nACNP Italian Union Catalogue of Serials$uhttp://acnp.cib.unibo.it/cgi-ser/start/it/cnr/df-p.tcl?catno=67038&language=ITALIANO&libr=&person=&B=1&libr_th=unina&proposto=NO